| 000 | 00545nam a2200217Ia 4500 | ||
|---|---|---|---|
| 003 | OSt | ||
| 005 | 20230327102524.0 | ||
| 008 | 210423s2005 xx 000 0 und d | ||
| 040 | _cAL | ||
| 041 | _aeng | ||
| 082 | _a332.1 RAMG | ||
| 100 |
_aRAMESH BABU (G) _978115 |
||
| 245 | _aFinancial services in India | ||
| 260 |
_aNew Delhi _bConcept publishing company _c2005 |
||
| 300 | _axx,588 | ||
| 365 |
_b250 _cINR |
||
| 650 |
_aBanking _978116 |
||
| 650 |
_aEconomics _978117 |
||
| 906 | _aFinancial ; India ; services | ||
| 942 |
_2ddc _cBK |
||
| 999 |
_c156041 _d156041 |
||